Central Library OPAC University of Rajshahi

Ethics and the history of philosophy : (Record no. 28351)

MARC details
000 -LEADER
fixed length control field 00857cam a22002771 4500
001 - CONTROL NUMBER
control field 28351
003 - CONTROL NUMBER IDENTIFIER
rucl marc code BD-RjUL
005 - DATE AND TIME OF LATEST TRANSACTION
control field 20211209051254.0
008 - FIXED-LENGTH DATA ELEMENTS--GENERAL INFORMATION
fixed length control field 140330s1952 enk 001 0 eng
035 ## - SYSTEM CONTROL NUMBER
System control number (BD-RjUL)28432
System control number (OCoLC)367553
040 ## - CATALOGING SOURCE
Original cataloging agency DLC
Transcribing agency ODaWU
Modifying agency OCoLC
-- Uk
-- DLC
-- BD-RjUL
Language of cataloging eng
041 ## - LANGUAGE CODE
Language code of text/sound track or separate title eng
082 ## - DEWEY DECIMAL CLASSIFICATION NUMBER
Classification number 104
Author mark and year BRE 1952
100 1# - MAIN ENTRY--PERSONAL NAME
Personal name Broad, C. D.
Fuller form of name (Charlie Dunbar),
Dates associated with a name 1887-1971.
9 (RLIN) 3662
245 10 - TITLE STATEMENT
Title Ethics and the history of philosophy :
Remainder of title selected essays /
Statement of responsibility, etc. C. D. Broad.
260 ## - PUBLICATION, DISTRIBUTION, ETC. (IMPRINT)
Place of publication, distribution, etc. London :
Name of publisher, distributor, etc. Routledge & K. Paul,
Date of publication, distribution, etc. 1952.
300 ## - PHYSICAL DESCRIPTION
Pagination xiii, 274 p. ;
Size 22 cm.
504 ## - BIBLIOGRAPHY, ETC. NOTE
Bibliography, etc Includes Index.
650 #0 - SUBJECT ADDED ENTRY--TOPICAL TERM
Topical term or geographic name as entry element Philosophy.
9 (RLIN) 86813
Topical term or geographic name as entry element Ethics.
9 (RLIN) 86814
942 ## - ADDED ENTRY ELEMENTS (KOHA)
Source of classification or shelving scheme Dewey Decimal Classification
Koha item type Books
Holdings
Lost status Source of classification or shelving scheme Damaged status Not for loan Collection code Permanent Location Current Location Shelving location Date acquired Source of acquisition Cost, normal purchase price Total Checkouts Full call number Date last seen Copy number Koha item type
  Dewey Decimal Classification     Non-fiction Central Library, University of Rajshahi Central Library, University of Rajshahi   03/02/1956 A.B.C 17.10   104 BRE 1952 30/03/2014 C-2 Books